000 00674nam a2200289Ia 4500
005 20260324141554.0
008 008 260324s9999 xx 000 0 eng d
020 _a9780429451379
037 _aEBOOK
040 _aCRL
040 _beng
040 _cCRL
041 _2eng
041 _aeng
084 _qCRL
100 _aNigel Tubbs
_91118146
245 0 _aContradiction of Enlightenment
245 0 _bHegel and the Broken Middle
260 _bTaylor and Francis
260 _c1997
365 _a
365 _b205
856 _uhttp://www.taylorfrancis.com/books/9780429451379
942 _cEBOOK
999 _c1811934
_d1811934